[Event "GER Seniors Derby 09th"]
[Site "Wesel Undeloh"]
[Date "2010.04.08"]
[Round "2.14"]
[White "Wilms, Josef"]
[Black "Dohmes, Herbert"]
[Result "0-1"]
[WhiteElo "1270"]
[BlackElo "2000"]
[PlyCount "50"]
[EventDate "2010.04.08"]
[EventType "swiss"]
[EventRounds "7"]
[EventCountry "GER"]
[SourceTitle "EXT 2022"]
[Source "ChessBase"]
[SourceDate "2021.10.06"]
[SourceVersion "1"]
[SourceVersionDate "2021.10.06"]
[SourceQuality "1"]

1. Nc3 c5 2. Nf3 Nc6 3. e4 g6 4. d4 cxd4 5. Nxd4 Bg7 6. Nxc6 bxc6 7. Bd2 Nf6 8. Qf3 0-0 9. Bc4 d6 10. 0-0 Nd7 11. Qe2 a5 12. Na4 Ne5 13. Bb3 Ba6 14. c4 d5 15. Rfc1 Nxc4 16. Bxc4 Bxc4 17. Qe1 Bb5 18. Nc3 e6 19. a4 Bc4 20. Rab1 Bd3 21. Ra1 Rb8 22. Nd1 Bxe4 23. Bxa5 Qg5 24. g3 Qh5 25. Bc7 Qf3 0-1